01007nam a2200241 a 450000100100000000500170001000800410002702000180006804000250008608200170011110000340012824501180016226000630028030000350034349000420037850400300042060000500045065100470050083000490054791000370059695201150063399900170074800004104720201002034558.0130916s2011 dr ac 000 0 spa d a9789945469745 aDO-SdBNPbspacBNPHU a926.2bD611f1 aDisla Gómez, Félix96753814aLos Gómez Alfonso :buna familia dominicana con ascendencia puertorriqueña y cubana /cFélix Disla Gómez. aSanto Domingo :bMinisterio de Cultura :bNacional,c2011. a154 p. :bil., retr. ;c22 cm.1 aCuadernos de culturabGenealógiav1 aBibliografía p: 105-10614aDISLA GÓMEZ, FÉLIZd1955-xFAMILIA967539 4aRepública DominicanaxGenealogía92157 0aCuadernos de culturagGenealógiav1967540 aValidado. Control de calidad MFF 0010718PDaPDbPDcHDd2013-09-16iLF1l0o926.2 D611fp41047-10r2020-06-25w2020-06-25yLFPDZNo se presta c40537d40537